[Event "Bayern-chB 77th"]
[Site "Bad Woerishofen"]
[Date "2006.08.27"]
[Round "2"]
[White "Luhn, Robert"]
[Black "Gaissmaier, Thomas"]
[Result "1-0"]
[WhiteElo "1976"]
[BlackElo "1635"]
[PlyCount "39"]
[EventDate "2006.08.26"]
[EventType "swiss"]
[EventRounds "9"]
[EventCountry "GER"]
[SourceTitle "EXT 2015"]
[Source "ChessBase"]
[SourceDate "2014.11.20"]
[SourceVersion "1"]
[SourceVersionDate "2014.11.20"]
[SourceQuality "1"]

1. Nf3 c5 2. e4 Nc6 3. d4 cxd4 4. Nxd4 Nf6 5. Nc3 e5 6. Ndb5 d6 7. Bg5 a6 8. Na3 b5 9. Bxf6 gxf6 10. Nd5 Bg7 11. Bd3 Ne7 12. Nxe7 Qxe7 13. 0-0 0-0 14. c3 Qb7 15. Qh5 Qb6 16. Nc2 Be6 17. Ne3 Kh8 18. Nd5 Bxd5 19. exd5 e4 20. Bxe4 1-0

[Event "Bayern-chB 77th"]
[Site "Bad Woerishofen"]
[Date "2006.08.26"]
[Round "1"]
[White "Gaissmaier, Thomas"]
[Black "Hackbarth, Wolfgang"]
[Result "0-1"]
[WhiteElo "1635"]
[BlackElo "2054"]
[PlyCount "64"]
[EventDate "2006.08.26"]
[EventType "swiss"]
[EventRounds "9"]
[EventCountry "GER"]
[SourceTitle "EXT 2015"]
[Source "ChessBase"]
[SourceDate "2014.11.20"]
[SourceVersion "1"]
[SourceVersionDate "2014.11.20"]
[SourceQuality "1"]

1. d4 Nf6 2. Nf3 g6 3. c4 Bg7 4. Nc3 d6 5. e4 0-0 6. Be2 e5 7. 0-0 Nc6 8. d5 Ne7 9. Ne1 Nd7 10. Nd3 f5 11. f4 fxe4 12. Nxe4 Nf5 13. Rb1 Qe8 14. fxe5 Nxe5 15. Nxe5 Qxe5 16. Bd3 Bd7 17. b3 Qd4+ 18. Kh1 Qb6 19. Re1 Nh6 20. Bb2 Ng4 21. h3 Ne5 22. Bc2 Bf5 23. Bd4 Qa6 24. a4 Bxe4 25. Bxe4 b6 26. Qc2 Rae8 27. Ba1 Qc8 28. Rf1 Qd8 29. Rbe1 Qh4 30. Rxf8+ Rxf8 31. Qd1 Ng4 32. Kg1 Nf2 0-1

[Event "Bad Woerishofen op 19th"]
[Site "Bad Woerishofen"]
[Date "2003.03.16"]
[Round "4"]
[White "Gaissmaier, Thomas"]
[Black "Huhn, Ulrich"]
[Result "1/2-1/2"]
[WhiteElo "1538"]
[BlackElo "1980"]
[PlyCount "28"]
[EventDate "2003.03.13"]
[EventType "swiss"]
[EventRounds "9"]
[EventCountry "GER"]
[SourceTitle "CBM 093 Extra"]
[Source "ChessBase"]
[SourceDate "2003.05.09"]
[SourceVersion "1"]
[SourceVersionDate "2003.05.09"]
[SourceQuality "1"]

1. c4 d5 2. d4 c6 3. Nc3 Nf6 4. Nf3 Bf5 5. Bf4 e6 6. Nh4 Bg6 7. Nxg6 hxg6 8. Qc2 Bd6 9. Bxd6 Qxd6 10. c5 Qc7 11. g3 Nbd7 12. Bg2 0-0 13. 0-0 e5 14. dxe5 Qxe5 1/2-1/2

[Event "Augsburg Afro Seniors op 9th"]
[Site "Augsburg"]
[Date "2002.08.10"]
[Round "6"]
[White "Grueneschild, Hildegard"]
[Black "Gaissmaier, Thomas"]
[Result "1-0"]
[WhiteElo "1472"]
[BlackElo "1495"]
[PlyCount "93"]
[EventDate "2002.08.08"]
[EventType "swiss"]
[EventRounds "7"]
[EventCountry "GER"]
[SourceTitle "EXT 2007"]
[Source "ChessBase"]
[SourceDate "2006.11.23"]
[SourceVersion "1"]
[SourceVersionDate "2006.11.23"]
[SourceQuality "1"]

1. c4 e5 2. Nc3 c6 3. Nf3 Qc7 4. g3 d6 5. Bg2 g6 6. 0-0 Bg7 7. e4 Be6 8. d3 h6 9. Be3 Ne7 10. Qd2 Nd7 11. Rac1 f5 12. exf5 gxf5 13. b3 Ng6 14. Qe2 Nf6 15. Bd2 Qd7 16. Rfe1 0-0 17. Kh1 Rae8 18. a4 Re7 19. Rb1 Qc7 20. b4 f4 21. Ne4 Ref7 22. Rec1 Qd7 23. c5 Nxe4 24. dxe4 d5 25. gxf4 Nxf4 26. Bxf4 Rxf4 27. exd5 Bxd5 28. Qd1 Qg4 29. Qg1 Rxf3 30. b5 R8f6 31. bxc6 Bxc6 32. a5 a6 33. Rd1 Qf4 34. Rd6 Rxf2 35. Rxf6 Bxg2+ 36. Qxg2 Rxg2 37. Rxf4 Ra2 38. Rc4 Rxa5 39. Rxb7 Ra1+ 40. Kg2 Ra2+ 41. Kg3 Ra3+ 42. Kg4 Ra2 43. h4 Rg2+ 44. Kh3 Rd2 45. c6 h5 46. c7 Rd3+ 47. Kg2 1-0